Todos queremos ser jóvenes (Registro nro. 19801)

Detalles MARC
000 -CABECERA
Longitud fija campo de control 00588nam a22001937a 4500
003 - IDENTIFICADOR DELl NÚMERO DE CONTROL
Identificador del número de control OSt
005 - FECHA Y HORA DE LA ÚLTIMA TRANSACCIÓN
Fecha y hora de la última transacción 20150321101751.0
008 - CÓDIGOS DE INFORMACIÓN DE LONGITUD FIJA
Códigos de información de longitud fija 150321b xxu||||| |||| 00| 0 eng d
040 ## - FUENTE DE LA CATALOGACIÓN
Centro transcriptor BMC
082 ## - NÚMERO DE LA CLASIFICACIÓN DECIMAL DEWEY
Númeroo de clasificación 823
100 1# - PUNTO DE ACCESO PRINCIPAL-NOMBRE DE PERSONA
Nombre de persona Amis, Kingsley
Fechas asociadas al nombre 1922-1995
9 (RLIN) 33011
245 10 - MENCIÓN DE TÍTULO
Título Todos queremos ser jóvenes
Resto del título : ("girl 20")
Mención de responsabilidad, etc. Kingsley Amis ; [Traducido por M.A. Menini]
260 ## - PUBLICACIÓN, DISTRIBUCIÓN, ETC. (PIE DE IMPRENTA)
Lugar de publicación, distribución, etc. Barcelona [etc.]
Nombre del editor, distribuidor, etc. Grijalbo
Fecha de publicación, distribución, etc. [1973]
300 ## - DESCRIPCIÓN FÍSICA
Extensión 281 p.
Dimensiones 20 cm
595 ## - NOTA DE EDICIÓN E HISTORIA BIBLIOGRÁFICA
Nota de edición e historia bibliográfica Traducción de: Girl 20
650 24 - PUNTO DE ACCESO ADICIONAL DE MATERIA - TÉRMINO DE MATERIA
9 (RLIN) 11162
Término de materia o nombre geográfico como elemento inicial Novela inglesa
700 1# - PUNTO DE ACCESO ADICIONAL - NOMBRE DE PERSONA
9 (RLIN) 30812
Nombre de persona Menini, María Antonia
942 ## - ENTRADA DE ELEMENTOS AGREGADOS (KOHA)
Fuente de clasificaión o esquema Dewey Decimal Classification
Koha [por defecto] tipo de item 1- Monografias
Parte de clasificación ahoj
Existencias
Suprimido Perdido Fuente de clasificación o esquema Estropeado Restricciones de uso No para préstamo Código de colección Localización permanente Localización actual Localización en estanter&íacute;as Fecha adquisición Fuente de adquisición Número de inventario Préstamos totales Signatura completa Código de barras Fecha última consulta Coste, precio reemplazado Fecha del precio de reemplazo Tipo de item de Koha
NULL NULL Dewey Decimal Classification NULL Prestable NULL NULL Biblioteca Miguel de Cervantes - UNICAES Biblioteca Miguel de Cervantes - UNICAES Sala Principal 09/04/2015 Donación - Romeo Tovar Astorga 029617   N AMI tod 1030274 09/04/2015 24.00 09/04/2015 1- Monografias